Matemàtiques : accés universitat accés universitat
Publicado:
Barcelona :
Diputació de Barcelona. Àrea d'Educació. Gerència de serveis d'Educació, Centre de Formació d'Adults Can Batlló, [2009]-
Descripción Física:
[24] f. ; 29 cm
Materias:
Matemàtica -- Problemes, exercicis, etc.
MARC
| LEADER | 00000nam a2200000Ia 4500 | ||
|---|---|---|---|
| 001 | 22201 | ||
| 008 | 160829s9999 xx 000 0 cat d | ||
| 080 | |a FU-53-26 | ||
| 245 | |a Matemàtiques : |b accés universitat | ||
| 260 | |a Barcelona : |b Diputació de Barcelona. Àrea d'Educació. Gerència de serveis d'Educació, Centre de Formació d'Adults Can Batlló, [2009]- | ||
| 300 | |a [24] f. ; |c 29 cm | ||
| 590 | |a A la coberta: Continguts: trigonometria, geometria en el pla, funcions, derivades. | ||
| 650 | |a Matemàtica |x Problemes, exercicis, etc. |9 50139 | ||
| 710 | |a Barcelona (Catalunya : Província). |b Gerència de Serveis d'Educació |9 52167 | ||
| 710 | 2 | |a Centre de Formació d'Adults Can Batlló |9 55011 | |
| 866 | |a Curs: 2009 - 2010 | ||
| 901 | |a Arxiu | ||
| 942 | |n 1 | ||
| 952 | |0 0 |1 0 |4 0 |6 FU5326 |7 1 |9 48371 |a Arxiu |b Arxiu |d 2016-12-01 |l 0 |o FU-53-26 |p 22201 |r 2016-12-01 00:00:00 |w 2016-12-01 |y ARXIU | ||
| 999 | |c 52177 |d 52177 | ||